| 000 | 01255nam a22002657a 4500 | ||
|---|---|---|---|
| 003 | KOHA_MİRAKIL | ||
| 005 | 20260424095914.0 | ||
| 008 | 260421b tu ||||| |||| 00| 0 tur d | ||
| 020 | _a9786257610797 | ||
| 040 |
_aTR-AnABB _btur _cTR-AnABB |
||
| 041 | _atur | ||
| 082 |
_a297.822 _bDED 2025 |
||
| 100 | 1 | _aDedekargınoğlu, Hüseyin | |
| 245 | 1 | 0 |
_aKemlik bizden kerem sizden : _bhal erenler halidir / _cHüseyin Dedekargınoğlu |
| 246 | _aHal erenler halidir | ||
| 250 | _a1. baskı | ||
| 260 |
_aAnkara : _bAltınordu Yayınevi, _c2025 |
||
| 300 |
_a469 sayfa ; _c20 cm |
||
| 500 | _aYazar tarafından Prof. Dr. Ruşen Keleş için imzalanmıştır. | ||
| 505 | _aİçindekiler: Alevilikte dedelik kurumu ve sürek anlayışı - Alevilikteki tanım ve terimler - Dünkü ve bugünkü alevilik - Elvan Çelebi'nin gözüyle Dede Garkın'dan Baba İlyas'a - Muharrem Aşura ve Aşure - Bazı Alevilik Kavramlarının kullanılması - Dede Garkın Ocağı'nda musahiplik uygulaması örneği - Dede Garkın ocağı'nda müsahiplik uygulaması örneği - Genelde dergahların, özelde Hacı Bektaş... | ||
| 650 | 0 | 4 | _aAlevilik |
| 650 | 0 | 4 | _aİslam dini, Mezhepler |
| 900 | _bCan ÇELIK | ||
| 942 |
_2ddc _cBK |
||
| 999 |
_c10330 _d10330 |
||